Mathematical physics the basics / (Record no. 139)
[ view plain ]
| 000 -LEADER | |
|---|---|
| fixed length control field | 00679nam a22002297a 4500 |
| 001 - CONTROL NUMBER | |
| control field | 139 |
| 003 - CONTROL NUMBER IDENTIFIER | |
| rucl marc code | BD-RjUL |
| 005 - DATE AND TIME OF LATEST TRANSACTION | |
| control field | 20211208233124.0 |
| 008 - FIXED-LENGTH DATA ELEMENTS--GENERAL INFORMATION | |
| fixed length control field | 150131r20112005ii a||| ||| 001 0 b d |
| 020 ## - INTERNATIONAL STANDARD BOOK NUMBER | |
| International Standard Book Number | 9788173714221 |
| 035 ## - SYSTEM CONTROL NUMBER | |
| System control number | (BD-RjUL)151 |
| 040 ## - CATALOGING SOURCE | |
| Original cataloging agency | BD-RjUL |
| Language of cataloging | ben |
| Transcribing agency | BD-RjUL |
| Modifying agency | BD-RjUL |
| 041 ## - LANGUAGE CODE | |
| Language code of text/sound track or separate title | ben |
| 082 ## - DEWEY DECIMAL CLASSIFICATION NUMBER | |
| Edition number | 19 |
| Classification number | 530.15 |
| Author mark and year | JOM 2011 |
| 100 ## - MAIN ENTRY--PERSONAL NAME | |
| Personal name | Joglekar, S D |
| 9 (RLIN) | 115583 |
| 245 ## - TITLE STATEMENT | |
| Title | Mathematical physics the basics / |
| Statement of responsibility, etc. | S D Joglekar. |
| 260 ## - PUBLICATION, DISTRIBUTION, ETC. (IMPRINT) | |
| Place of publication, distribution, etc. | Hyderabad : |
| Name of publisher, distributor, etc. | Universities Press (India) Private Limited, |
| Date of publication, distribution, etc. | 2005 [reprint 2011]. |
| 300 ## - PHYSICAL DESCRIPTION | |
| Pagination | viii, 245 p.: |
| Size | ill.; |
| Illustrations | 24 cm. |
| 500 ## - GENERAL NOTE | |
| General note | Includes index. |
| 650 ## - SUBJECT ADDED ENTRY--TOPICAL TERM | |
| Topical term or geographic name as entry element | Mathematical physics. |
| 9 (RLIN) | 115584 |
| 942 ## - ADDED ENTRY ELEMENTS (KOHA) | |
| Source of classification or shelving scheme | Dewey Decimal Classification |
| Koha item type | Books |
| Lost status | Source of classification or shelving scheme | Damaged status | Not for loan | Collection code | Permanent Location | Current Location | Shelving location | Date acquired | Source of acquisition | Total Checkouts | Full call number | Date last seen | Copy number | Koha item type |
|---|---|---|---|---|---|---|---|---|---|---|---|---|---|---|
| Dewey Decimal Classification | Not For Loan | Non-fiction | Central Library, University of Rajshahi | Central Library, University of Rajshahi | 23/07/2014 | Chittagong, Battighar | 530.15 JOM 2011 | 31/01/2015 | C-1 | Books |